The noble scholar, jurist, historian


 His Excellency Dr. Abdul Wahhab bin Ibrahim Abu Sulaiman, may Allah have mercy on him.


 He was born in Umm Al-Qura in the year 1356 AH.

أدلة أهل السنة والجماعة، أو، الرد المحكم المنيع على منكرات وشبهات ابن منيع في تهجمه على السيد محمد علوي المالكي المكي / (Record no. 1208)

MARC details
000 -LEADER
fixed length control field 01727cam a22003251i 4500
003 - CONTROL NUMBER IDENTIFIER
control field SA-RiAUC
005 - DATE AND TIME OF LATEST TRANSACTION
control field 20241012074222.0
008 - FIXED-LENGTH DATA ELEMENTS--GENERAL INFORMATION
fixed length control field 241006s1984 ku g b 000r0 ara c
040 ## - CATALOGING SOURCE
Original cataloging agency SA-MaUQU
Language of cataloging ara
Transcribing agency SA-RiAUC
Description conventions rda
082 04 - DEWEY DECIMAL CLASSIFICATION NUMBER
Classification number 216.4
Assigning agency SA-RiAUC
090 ## - LOCALLY ASSIGNED LC-TYPE CALL NUMBER (OCLC); LOCAL CALL NUMBER (RLIN)
Classification number (OCLC) (R) ; Classification number, CALL (RLIN) (NR) 216.4
Local cutter number (OCLC) ; Book number/undivided call number, CALL (RLIN) ر ف ا
100 1# - MAIN ENTRY--PERSONAL NAME
Personal name الرفاعي، يوسف هاشم،
Dates associated with a name 1932-2018
Relator term مؤلف.
245 10 - TITLE STATEMENT
Title أدلة أهل السنة والجماعة، أو، الرد المحكم المنيع على منكرات وشبهات ابن منيع في تهجمه على السيد محمد علوي المالكي المكي /
Statement of responsibility, etc. يوسف هاشم الرفاعي.
246 33 - VARYING FORM OF TITLE
Title proper/short title الرد المحكم المنيع على منكرات وشبهات ابن منيع في تهجمه على السيد محمد علوي المالكي المكي
250 ## - EDITION STATEMENT
Edition statement الطبعة الأولى.
264 #1 - PRODUCTION, PUBLICATION, DISTRIBUTION, MANUFACTURE, AND COPYRIGHT NOTICE
Place of production, publication, distribution, manufacture الكويت :
Name of producer, publisher, distributor, manufacturer [الناشر غير محدد]،
Date of production, publication, distribution, manufacture, or copyright notice 1984
300 ## - PHYSICAL DESCRIPTION
Extent 160 صفحة ؛
Dimensions 24 سم
336 ## - CONTENT TYPE
Content type term نص
Content type code txt
Source rdacontent
Materials specified كتاب
337 ## - MEDIA TYPE
Media type term بدون وسيط
Media type code n
Source rdamedia
338 ## - CARRIER TYPE
Carrier type term مجلد
Carrier type code nc
Source rdacarrier
504 ## - BIBLIOGRAPHY, ETC. NOTE
Bibliography, etc. note ببليوجرافية : صفحة 157.
600 17 - SUBJECT ADDED ENTRY--PERSONAL NAME
Personal name الحسني، محمد بن علوي المالكي،
Dates associated with a name 1367-1425 هجري
Source of heading or term aucnm
650 #7 - SUBJECT ADDED ENTRY--TOPICAL TERM
Topical term or geographic name entry element الإسلام
General subdivision دفع مطاعن
Source of heading or term aucsh
650 #7 - SUBJECT ADDED ENTRY--TOPICAL TERM
Topical term or geographic name entry element البدع في الإسلام
Source of heading or term aucsh
700 12 - ADDED ENTRY--PERSONAL NAME
Personal name ابن منيع، عبد الله بن سليمان بن محمد،
Dates associated with a name 1349 هجري-
Title of a work حوار مع المالكي في رد منكراته وضلالاته.
740 02 - ADDED ENTRY--UNCONTROLLED RELATED/ANALYTICAL TITLE
Uncontrolled related/analytical title حوار مع المالكي في رد منكراته وضلالاته.
942 ## - ADDED ENTRY ELEMENTS (KOHA)
Source of classification or shelving scheme Dewey Decimal Classification
Koha item type Books
Suppress in OPAC No
949 ## - LOCAL PROCESSING INFORMATION (OCLC)
a SA-JeALM
d 241006
u mohamedma123
n 1
Holdings
Withdrawn status Lost status Source of classification or shelving scheme Damaged status Not for loan Home library Current library Date acquired Total checkouts Full call number Barcode Date last seen Price effective from Koha item type
    Dewey Decimal Classification     DR AbdElwahab Library DR AbdElwahab Library 10/12/2024   216.4 ر ف ا 000001701 10/12/2024 10/12/2024 Books
    Dewey Decimal Classification     DR AbdElwahab Library DR AbdElwahab Library 10/20/2024   216.4 ر ف ا 0000002029 10/20/2024 10/20/2024 Books
    Dewey Decimal Classification     DR AbdElwahab Library DR AbdElwahab Library 10/20/2024   216.4 ر ف ا 0000002030 10/20/2024 10/20/2024 Books